[Event "Lynskak DM 2023"]
[Site "Hvidovre"]
[Date "2023.05.14"]
[Round "5.10"]
[White "Loftgaard, Mikkel Vinh"]
[Black "Morkore, Thomas"]
[Result "1-0"]
[WhiteElo "2244"]
[BlackElo "1934"]
[PlyCount "93"]
[EventDate "2023.05.14"]
[EventType "swiss"]
[EventRounds "13"]
[EventCountry "DEN"]
[SourceTitle "Live v. Kasper Jerwiarz"]

1. e4 c6 2. d4 d5 3. exd5 cxd5 4. c4 Nf6 5. Nc3 e6 6. Nf3 Be7 7. Bg5 O-O 8. Be2
Nc6 9. c5 Ne4 10. Bxe7 Qxe7 11. O-O Nxc3 12. bxc3 e5 13. Bb5 exd4 14. Bxc6 bxc6
15. cxd4 Bg4 16. Qd3 Bxf3 17. Qxf3 Rab8 18. Rab1 Rfe8 19. g3 g6 20. Qf4 Rb7 21.
h4 h5 22. a4 Qc7 23. Qxc7 Rxc7 24. a5 Re4 25. Rfd1 Re2 26. Rb8+ Kg7 27. Ra1 Rd2
28. a6 Rxd4 29. Rab1 Re7 30. R8b7 Re2 31. Rxa7 Rdd2 32. Rf1 Ra2 33. Kg2 Rec2
34. Kf3 Rxc5 35. Re1 d4 36. Ree7 Rf5+ 37. Ke4 c5 38. f4 Re2+ 39. Kd3 Rg2 40.
Rab7 Rxg3+ 41. Kc4 Rc3+ 42. Kb5 c4+ 43. Kb4 Rc1 44. a7 Rb1+ 45. Kxc4 Ra5 46.
Rxb1 Rf5 47. a8=Q 1-0

[Event "Lynskak DM 2023"]
[Site "Hvidovre"]
[Date "2023.05.14"]
[Round "6.1"]
[White "Kistrup, Nicolai"]
[Black "Lauridsen, Jesper Morch"]
[Result "1-0"]
[WhiteElo "2300"]
[BlackElo "2309"]
[PlyCount "81"]
[EventDate "2023.05.14"]
[EventType "swiss"]
[EventRounds "13"]
[EventCountry "DEN"]
[SourceTitle "Live v. Kasper Jerwiarz"]

1. d4 d5 2. c4 e6 3. Nf3 c5 4. cxd5 exd5 5. g3 Nf6 6. Bg2 Nc6 7. O-O Be7 8.
dxc5 Bxc5 9. a3 Ne4 10. Nfd2 f5 11. Nc3 O-O 12. Nb3 Bb6 13. Qxd5+ Qxd5 14. Nxd5
Be6 15. Nxb6 axb6 16. Nd2 Nd4 17. Nxe4 fxe4 18. Bxe4 Nxe2+ 19. Kg2 Nd4 20. Be3
Rad8 21. Rad1 Nc6 22. Bxb6 Rxd1 23. Rxd1 Ne5 24. Rd6 Bg4 25. f4 Nf7 26. Bd5 h5
27. Rd8 Rxd8 28. Bxd8 Kf8 29. Bb6 Ke7 30. Bc5+ Kf6 31. Bd4+ Kf5 32. Bxb7 g5 33.
Bc8+ Ke4 34. Bxg4 hxg4 35. Be5 gxf4 36. gxf4 Nd8 37. b4 Ne6 38. a4 Nd8 39. b5
Nb7 40. b6 Ke3 41. Kg3 1-0

[Event "Lynskak DM 2023"]
[Site "Hvidovre"]
[Date "2023.05.14"]
[Round "6.2"]
[White "Larsen, Karsten"]
[Black "Andersen, Mads"]
[Result "0-1"]
[WhiteElo "2208"]
[BlackElo "2615"]
[PlyCount "86"]
[EventDate "2023.05.14"]
[EventType "swiss"]
[EventRounds "13"]
[EventCountry "DEN"]
[SourceTitle "Live v. Kasper Jerwiarz"]

1. e4 e5 2. Nf3 Nc6 3. Bb5 a6 4. Ba4 Nf6 5. Qe2 b5 6. Bb3 Bc5 7. c3 d6 8. d3 h6
9. Nbd2 Bb6 10. Nf1 Na5 11. Bc2 c5 12. Ng3 Nc6 13. O-O O-O 14. h3 Re8 15. Nh4
d5 16. Nhf5 Ne7 17. Nxe7+ Rxe7 18. Bd2 d4 19. Rad1 Be6 20. cxd4 cxd4 21. Bb3
Qd7 22. f4 Bc7 23. f5 Bxb3 24. axb3 Bd6 25. Nh5 Nxh5 26. Qxh5 f6 27. g4 Qe8 28.
Qh4 Rc7 29. Qg3 Rc2 30. h4 Rac8 31. Qf3 Rxb2 32. g5 Rcc2 33. Rf2 Bb4 34. Bxb4
Rxf2 35. Qxf2 Rxf2 36. Kxf2 Qh5 37. Rc1 Qxh4+ 38. Ke2 Qg4+ 39. Kd2 Qxg5+ 40.
Kc2 h5 41. Bd2 Qg2 42. Ra1 h4 43. Rxa6 h3 0-1

[Event "Lynskak DM 2023"]
[Site "Hvidovre"]
[Date "2023.05.14"]
[Round "6.3"]
[White "Thybo, Jesper Sondergaard"]
[Black "Hoi, Carsten"]
[Result "1-0"]
[WhiteElo "2509"]
[BlackElo "2333"]
[PlyCount "81"]
[EventDate "2023.05.14"]
[EventType "swiss"]
[EventRounds "13"]
[EventCountry "DEN"]
[SourceTitle "Live v. Kasper Jerwiarz"]

1. Nf3 g6 2. g3 Bg7 3. d4 d6 4. Bg2 Nf6 5. O-O O-O 6. c4 Nc6 7. Nc3 e5 8. dxe5
dxe5 9. Qxd8 Rxd8 10. Bg5 Be6 11. Nd2 h6 12. Bxf6 Bxf6 13. Nd5 Bxd5 14. cxd5
Nd4 15. e3 Nf5 16. Rac1 Rd7 17. Ne4 Be7 18. Nc5 Bxc5 19. Rxc5 Re8 20. Rfc1 Ree7
21. b4 b6 22. R5c4 Nd6 23. Rc6 f5 24. a4 e4 25. Bf1 Kf8 26. Be2 Ke8 27. h4 h5
28. a5 Kd8 29. Bd1 Re5 30. Bb3 Nb7 31. axb6 axb6 32. Rxg6 Nd6 33. Rh6 Kc8 34.
Rxh5 Kb7 35. Rh8 Ree7 36. h5 Rh7 37. Rxh7 Rxh7 38. Bd1 Nf7 39. Rc6 Ne5 40. Rf6
Rd7 41. Bb3 1-0

[Event "Lynskak DM 2023"]
[Site "Hvidovre"]
[Date "2023.05.14"]
[Round "6.4"]
[White "Fedder, Steen"]
[Black "Meskenas, Paulius"]
[Result "1-0"]
[WhiteElo "2380"]
[BlackElo "2159"]
[PlyCount "67"]
[EventDate "2023.05.14"]
[EventType "swiss"]
[EventRounds "13"]
[EventCountry "DEN"]
[SourceTitle "Live v. Kasper Jerwiarz"]

1. d4 Nf6 2. c4 g6 3. Nc3 d5 4. Bf4 Bg7 5. e3 c6 6. h3 O-O 7. Nf3 Nbd7 8. Qb3
dxc4 9. Bxc4 Nb6 10. Be2 Nfd5 11. Be5 f6 12. Bg3 Kh8 13. O-O Be6 14. Qd1 Bg8
15. Ne4 Re8 16. Nc5 Qc8 17. Rc1 Nd7 18. e4 N5b6 19. a4 e5 20. dxe5 Nxe5 21.
Nxe5 fxe5 22. b4 a5 23. b5 Qc7 24. Qc2 Rad8 25. bxc6 bxc6 26. Nb3 Nxa4 27. Bc4
Rd6 28. Qa2 Bxc4 29. Rxc4 Nb6 30. Rc5 a4 31. Na5 Nd7 32. Qf7 Rf8 33. Qe7 Re8
34. Qxe8+ 1-0

[Event "Lynskak DM 2023"]
[Site "Hvidovre"]
[Date "2023.05.14"]
[Round "6.5"]
[White "Skytte, Rasmus"]
[Black "Pedersen, Daniel Vesterbaek"]
[Result "1-0"]
[WhiteElo "2430"]
[BlackElo "2212"]
[PlyCount "45"]
[EventDate "2023.05.14"]
[EventType "swiss"]
[EventRounds "13"]
[EventCountry "DEN"]
[SourceTitle "Live v. Kasper Jerwiarz"]

1. e4 e5 2. Nf3 Nc6 3. d4 exd4 4. Bc4 Nf6 5. O-O Nxe4 6. Nc3 dxc3 7. Bxf7+ Kxf7
8. Qd5+ Ke8 9. Re1 Be7 10. Rxe4 Kf8 11. Bg5 d6 12. Rae1 Ne5 13. Rf4+ Bf6 14.
Nxe5 Qe8 15. Bxf6 gxf6 16. Rxf6+ Kg7 17. Rf7+ Kh6 18. Qf3 Qe6 19. Rf6+ Kg7 20.
Rxe6 Bxe6 21. Qxc3 dxe5 22. Qxe5+ Kf8 23. Qxh8+ 1-0

[Event "Lynskak DM 2023"]
[Site "Hvidovre"]
[Date "2023.05.14"]
[Round "6.6"]
[White "Boe, Mads"]
[Black "Thorsbro, Peter"]
[Result "0-1"]
[WhiteElo "2283"]
[BlackElo "2165"]
[PlyCount "195"]
[EventDate "2023.05.14"]
[EventType "swiss"]
[EventRounds "13"]
[EventCountry "DEN"]
[SourceTitle "Live v. Kasper Jerwiarz"]

1. d4 d5 2. Nf3 e6 3. Bf4 Bd6 4. Bg3 c5 5. c3 Qc7 6. e3 Nd7 7. Nbd2 Ngf6 8. Bd3
O-O 9. e4 dxe4 10. Nxe4 Nxe4 11. Bxe4 Nf6 12. Bc2 b6 13. Qe2 Bb7 14. Rd1 Rad8
15. O-O Bxg3 16. hxg3 Bxf3 17. gxf3 cxd4 18. cxd4 Rc8 19. Bb3 Rfd8 20. Qe5 h6
21. Rfe1 Nd5 22. f4 Qxe5 23. dxe5 Nb4 24. Kg2 Nd3 25. Re2 Nc5 26. Red2 Rxd2 27.
Rxd2 Nxb3 28. axb3 Rc7 29. Kf3 g6 30. Ke4 Kf8 31. g4 Ke7 32. f3 Rc1 33. Ke3
Re1+ 34. Kf2 Rc1 35. Ke3 Re1+ 36. Kf2 Rh1 37. Ke3 Re1+ 38. Kd4 Kd7 39. b4 Rc1
40. Ke3+ Kc7 41. Kd3 b5 42. b3 Rf1 43. Ke3 Rb1 44. Rd3 Re1+ 45. Kf2 Rc1 46. Ke3
a6 47. Kf2 Rc2+ 48. Ke3 Rc1 49. Kd2 Rb1 50. Rc3+ Kd7 51. Rd3+ Kc7 52. Rc3+ Kd7
53. Rd3+ Ke7 54. Rc3 Kd7 55. Rd3+ Kc7 56. Rc3+ Kb7 57. Rd3 Kc7 58. Rc3+ Kd7 59.
Rd3+ Ke7 60. Rc3 Rb2+ 61. Ke3 Kd7 62. Kd4 Rd2+ 63. Kc5 Rd5+ 64. Kb6 Rd4 65. Ka5
Rxf4 66. Rd3+ Ke7 67. Rc3 h5 68. gxh5 gxh5 69. Kxa6 Rxb4 70. Ka5 Rd4 71. Kxb5
Rd5+ 72. Kc6 Rxe5 73. b4 Re1 74. b5 Rb1 75. b6 h4 76. Rc4 h3 77. Rh4 Rc1+ 78.
Kb7 Rh1 79. Kb8 h2 80. b7 Kf6 81. Rh8 Ke5 82. Kc8 Rc1+ 83. Kd8 Rb1 84. Kc8 Kf4
85. Rxh2 Kxf3 86. Rd2 f5 87. Kc7 e5 88. Rd6 Rxb7+ 89. Kxb7 e4 90. Kc6 e3 91.
Re6 Kf2 92. Kd5 f4 93. Kd4 e2 94. Kd3 f3 95. Kd2 Kf1 96. Re3 Kf2 97. Rxf3+ Kxf3
98. Ke1 0-1

[Event "Lynskak DM 2023"]
[Site "Hvidovre"]
[Date "2023.05.14"]
[Round "6.7"]
[White "Ostergaard, Jens"]
[Black "Sylvan, Jacob"]
[Result "0-1"]
[WhiteElo "2278"]
[BlackElo "2325"]
[PlyCount "78"]
[EventDate "2023.05.14"]
[EventType "swiss"]
[EventRounds "13"]
[EventCountry "DEN"]
[SourceTitle "Live v. Kasper Jerwiarz"]

1. d4 Nf6 2. Nf3 e6 3. c4 d5 4. Nc3 dxc4 5. e4 b5 6. e5 Nd5 7. Nxb5 Nb6 8. Be2
Nc6 9. O-O Be7 10. Qd2 Bb7 11. Qf4 g5 12. Nxg5 Bxg5 13. Qxg5 Ne7 14. Qh5 Qd7
15. Nc3 O-O-O 16. a4 Nbd5 17. Bd2 Rdg8 18. Bf3 Nf5 19. Ne4 Nxd4 20. Nc5 Nxf3+
21. Qxf3 Qe7 22. Nxb7 Kxb7 23. Rac1 Rg6 24. Rxc4 Rhg8 25. g3 h5 26. Rfc1 Kb8
27. Rc6 h4 28. Ba5 hxg3 29. hxg3 Rc8 30. R1c5 Qe8 31. Ra6 Qd8 32. Qb3+ Nb6 33.
Rc6 Qd5 34. Qxd5 exd5 35. Rxg6 fxg6 36. Bxb6 cxb6 37. b4 Kb7 38. b5 Rc5 39. a5
Rxb5 0-1

[Event "Lynskak DM 2023"]
[Site "Hvidovre"]
[Date "2023.05.14"]
[Round "6.8"]
[White "Pedersen, Jan Nordenbaek"]
[Black "Loftgaard, Mikkel Vinh"]
[Result "1/2-1/2"]
[WhiteElo "2148"]
[BlackElo "2244"]
[PlyCount "99"]
[EventDate "2023.05.14"]
[EventType "swiss"]
[EventRounds "13"]
[EventCountry "DEN"]
[SourceTitle "Live v. Kasper Jerwiarz"]

1. e4 c5 2. Nf3 e6 3. Nc3 d5 4. exd5 exd5 5. Bb5+ Nc6 6. d4 cxd4 7. Nxd4 Bd7 8.
O-O Nf6 9. Re1+ Be7 10. Bg5 O-O 11. Nxc6 bxc6 12. Bd3 Rb8 13. Rb1 Be6 14. a3
Qa5 15. Bd2 Qc7 16. Qf3 Bd6 17. h3 Rfe8 18. Bg5 Be5 19. Nd1 h6 20. Bh4 d4 21.
c3 dxc3 22. Nxc3 c5 23. Bc2 c4 24. Ne4 Nd5 25. Ba4 Bd7 26. Bxd7 Qxd7 27. Nc3
Nxc3 28. bxc3 Qa4 29. Rxb8 Bxb8 30. Rxe8+ Qxe8 31. Bg3 Bxg3 32. fxg3 Qf8 33.
Qd5 Qxa3 34. Qa8+ Kh7 35. Qe4+ g6 36. Qxc4 Qe7 37. Kh2 a5 38. Qb5 Qa7 39. Qc4
a4 40. Qa2 a3 41. c4 Qc5 42. Qb3 Qa7 43. Qa2 Kg8 44. Kh1 Qa4 45. c5 Qd1+ 46.
Kh2 Qc1 47. c6 Qb2 48. Qxb2 axb2 49. c7 b1=Q 50. c8=Q+ 1/2-1/2

[Event "Lynskak DM 2023"]
[Site "Hvidovre"]
[Date "2023.05.14"]
[Round "6.9"]
[White "Jarlskov, Daniel Tuk Hartso"]
[Black "Nielsen, Viktor Haarmark"]
[Result "0-1"]
[WhiteElo "2023"]
[BlackElo "2335"]
[PlyCount "144"]
[EventDate "2023.05.14"]
[EventType "swiss"]
[EventRounds "13"]
[EventCountry "DEN"]
[SourceTitle "Live v. Kasper Jerwiarz"]

1. d4 Nf6 2. c4 e6 3. Nf3 d5 4. g3 dxc4 5. Bg2 a6 6. Ne5 c5 7. O-O cxd4 8. Nxc4
Nc6 9. e3 Be7 10. Qb3 O-O 11. Rd1 Nd5 12. exd4 b5 13. Ne5 Bb7 14. Nxc6 Bxc6 15.
Nc3 Nxc3 16. bxc3 Bxg2 17. Kxg2 Qd7 18. a4 Rfb8 19. Bf4 bxa4 20. Qxa4 Rb5 21.
c4 Qb7+ 22. Kg1 Rb4 23. Qa2 Rb2 24. Rab1 Rxb1 25. Rxb1 Qe4 26. Rd1 Qc6 27. d5
exd5 28. cxd5 Qd7 29. d6 Bf6 30. Qd5 Rc8 31. Qd3 a5 32. Qa6 a4 33. Rb1 Rc6 34.
Qb7 Qxb7 35. Rxb7 g5 36. d7 gxf4 37. Rb8+ Kg7 38. d8=Q Bxd8 39. Rxd8 fxg3 40.
hxg3 Ra6 41. Rd2 a3 42. Ra2 Kg6 43. Kg2 Kf5 44. Kf3 h5 45. Ke3 Kg4 46. Ke2 Ra4
47. Ke3 Kf5 48. Kf3 Ke5 49. Ke3 Kd5 50. Kd3 Ra8 51. Kc3 Ke4 52. Kd2 Kf3 53. Ke1
f5 54. Kf1 f4 55. gxf4 Kxf4 56. Kg2 Kg4 57. Kh2 Kf3 58. Kh3 Ra4 59. Kh2 Ke4 60.
Kg3 Kd4 61. Kh4 Ra5 62. f4 Ke4 63. Kg3 Kf5 64. Kf3 h4 65. Ke3 Ra4 66. Rh2 a2
67. Rxh4 a1=Q 68. Rh5+ Kg6 69. Rg5+ Kf6 70. Kf3 Ra3+ 71. Kg4 Qg1+ 72. Kh5 Rh3#
0-1

[Event "Lynskak DM 2023"]
[Site "Hvidovre"]
[Date "2023.05.14"]
[Round "6.10"]
[White "Jaksland, Tim"]
[Black "Christensen, Janus"]
[Result "1-0"]
[WhiteElo "2117"]
[BlackElo "2141"]
[PlyCount "101"]
[EventDate "2023.05.14"]
[EventType "swiss"]
[EventRounds "13"]
[EventCountry "DEN"]
[SourceTitle "Live v. Kasper Jerwiarz"]

1. e4 c5 2. c3 Nf6 3. e5 Nd5 4. Nf3 e6 5. Bc4 Nb6 6. Bb3 d5 7. exd6 Bxd6 8. d4
cxd4 9. Qxd4 O-O 10. Bg5 Qc7 11. Nbd2 Nc6 12. Qh4 f6 13. Be3 Bd7 14. Bc2 g6 15.
Qh6 Be8 16. Ne4 Be7 17. Bb3 Nd5 18. Bd2 Na5 19. Bxd5 exd5 20. Ng3 Nc4 21. Bc1
Ne5 22. Nd4 Nd3+ 23. Kf1 Qe5 24. Bf4 Nxf4 25. Re1 Qd6 26. Ngf5 gxf5 27. Nxf5
Qa6+ 28. Kg1 Rf7 29. Qxf4 Bf8 30. h4 Bd7 31. Nd4 Qd6 32. Qf3 Re8 33. Rxe8 Bxe8
34. g3 Qe5 35. Kg2 Bd7 36. Rd1 h5 37. Rd2 Bg4 38. Qd3 f5 39. f3 Rg7 40. fxg4
Rxg4 41. Re2 Qg7 42. Nxf5 Qf6 43. Nd4 Bd6 44. Re3 Bf4 45. Rf3 Qe5 46. Rxf4 Rxf4
47. gxf4 Qxf4 48. Qg6+ Kh8 49. Qxh5+ Kg8 50. Qg5+ Qxg5+ 51. hxg5 1-0

[Event "Lynskak DM 2023"]
[Site "Hvidovre"]
[Date "2023.05.14"]
[Round "7.1"]
[White "Andersen, Mads"]
[Black "Kistrup, Nicolai"]
[Result "1/2-1/2"]
[WhiteElo "2615"]
[BlackElo "2300"]
[PlyCount "136"]
[EventDate "2023.05.14"]
[EventType "swiss"]
[EventRounds "13"]
[EventCountry "DEN"]
[SourceTitle "Live v. Kasper Jerwiarz"]

1. e4 c5 2. c3 Nf6 3. e5 Nd5 4. Nf3 d6 5. exd6 e6 6. g3 Bxd6 7. Bg2 O-O 8. O-O
Nc6 9. d4 Bd7 10. c4 Nf6 11. Nc3 cxd4 12. Nxd4 Nxd4 13. Qxd4 Bc6 14. Rd1 Be7
15. Bxc6 bxc6 16. Be3 Qb8 17. b3 Qb4 18. Na4 Rfd8 19. Qc3 Qxc3 20. Nxc3 Bb4 21.
Na4 a6 22. Bb6 Rxd1+ 23. Rxd1 Kf8 24. f3 Ke7 25. g4 h5 26. h3 hxg4 27. hxg4 Rh8
28. Kg2 Nd7 29. Be3 e5 30. Bf2 Nf8 31. Bc5+ Bxc5 32. Nxc5 Rh6 33. Kg3 a5 34. a4
Ne6 35. Nxe6 Rxe6 36. g5 Rd6 37. Re1 f6 38. gxf6+ gxf6 39. Rh1 Rd3 40. Rh7+ Kd6
41. Kg4 Rxb3 42. Ra7 Rb4 43. Rxa5 Rxc4+ 44. Kg3 Rc3 45. Kg4 Rc4+ 46. Kg3 Rc3
47. Kg4 Ke6 48. Ra8 f5+ 49. Kg3 e4 50. a5 Rxf3+ 51. Kg2 Ra3 52. a6 Kd7 53. a7
Kc7 54. Rf8 Rxa7 55. Rxf5 Kd6 56. Kf2 Re7 57. Ke3 c5 58. Rh5 Re5 59. Rh1 c4 60.
Kd4 Rd5+ 61. Kxc4 Rd2 62. Rh5 Ke6 63. Rg5 Kf6 64. Rh5 e3 65. Rh3 e2 66. Re3 Kf5
67. Kc3 Rd1 68. Rxe2 Rd8 1/2-1/2

[Event "Lynskak DM 2023"]
[Site "Hvidovre"]
[Date "2023.05.14"]
[Round "7.2"]
[White "Lauridsen, Jesper Morch"]
[Black "Fedder, Steen"]
[Result "1/2-1/2"]
[WhiteElo "2309"]
[BlackElo "2380"]
[PlyCount "92"]
[EventDate "2023.05.14"]
[EventType "swiss"]
[EventRounds "13"]
[EventCountry "DEN"]
[SourceTitle "Live v. Kasper Jerwiarz"]

1. e4 e5 2. Nf3 Nc6 3. Bb5 Nf6 4. O-O Nxe4 5. d4 Nd6 6. Bxc6 dxc6 7. dxe5 Nf5
8. Qxd8+ Kxd8 9. Rd1+ Ke8 10. h3 h5 11. Nc3 Be7 12. Ne2 h4 13. Bg5 Bxg5 14.
Nxg5 Ke7 15. Rd3 Be6 16. Rad1 Rhd8 17. Rxd8 Rxd8 18. Rxd8 Kxd8 19. Nxe6+ fxe6
20. g4 hxg3 21. fxg3 Ne3 22. Nd4 Ke7 23. b3 c5 24. Nb5 c6 25. Nd6 b6 26. c4 Nc2
27. Nc8+ Kd7 28. Nd6 Nb4 29. a4 Nd3 30. Nf7 Ke7 31. Ng5 Nxe5 32. Ne4 Nf3+ 33.
Kf2 Nd4 34. Nd2 Kf6 35. Ke3 Nf5+ 36. Kf4 Nd4 37. a5 Ne2+ 38. Kf3 Nd4+ 39. Ke4
Nf5 40. axb6 axb6 41. g4 Nd6+ 42. Kf4 g5+ 43. Ke3 Nb7 44. Ne4+ Kg6 45. Kd3 Na5
46. Kc3 Nb7 1/2-1/2

[Event "Lynskak DM 2023"]
[Site "Hvidovre"]
[Date "2023.05.14"]
[Round "7.3"]
[White "Sylvan, Jacob"]
[Black "Thybo, Jesper Sondergaard"]
[Result "1-0"]
[WhiteElo "2325"]
[BlackElo "2509"]
[PlyCount "103"]
[EventDate "2023.05.14"]
[EventType "swiss"]
[EventRounds "13"]
[EventCountry "DEN"]
[SourceTitle "Live v. Kasper Jerwiarz"]

1. e4 c5 2. Nf3 Nc6 3. Nc3 e5 4. Bc4 Be7 5. d3 d6 6. Nd2 Nf6 7. Nf1 Bg4 8. f3
Be6 9. Ne3 O-O 10. O-O Rb8 11. a3 Nd4 12. Ncd5 b5 13. Ba2 Nxd5 14. Nxd5 Bg5 15.
c3 Bxc1 16. Rxc1 Nc6 17. f4 exf4 18. Rxf4 a5 19. Qd2 b4 20. cxb4 axb4 21. axb4
Nxb4 22. Nxb4 Rxb4 23. Bxe6 fxe6 24. Rxf8+ Qxf8 25. Rf1 Qe7 26. h3 h6 27. Qc1
Qb7 28. Qf4 Qe7 29. Qc1 Qg5 30. Qxg5 hxg5 31. Rf2 Rb3 32. Rd2 Kf7 33. Kf2 Kf6
34. Ke2 Ke5 35. Kd1 Kf4 36. Kc2 Rb7 37. Re2 Kg3 38. Kc3 Rb4 39. Kc2 Ra4 40. Kc3
Ra1 41. d4 Rc1+ 42. Kd2 Rg1 43. e5 dxe5 44. dxc5 Ra1 45. b4 Ra2+ 46. Kd3 Ra3+
47. Kc4 Kf4 48. c6 e4 49. c7 Ra8 50. b5 Ke5 51. Kc5 Ra1 52. Rc2 1-0

[Event "Lynskak DM 2023"]
[Site "Hvidovre"]
[Date "2023.05.14"]
[Round "7.4"]
[White "Thorsbro, Peter"]
[Black "Larsen, Karsten"]
[Result "1-0"]
[WhiteElo "2165"]
[BlackElo "2208"]
[PlyCount "73"]
[EventDate "2023.05.14"]
[EventType "swiss"]
[EventRounds "13"]
[EventCountry "DEN"]
[SourceTitle "Live v. Kasper Jerwiarz"]

1. d4 d5 2. Nf3 Nf6 3. g3 c6 4. Bg2 Bf5 5. O-O e6 6. c4 Nbd7 7. Nc3 h6 8. Nd2
Bb4 9. e4 dxe4 10. Ndxe4 O-O 11. a3 Be7 12. Bf4 Nxe4 13. Nxe4 Nf6 14. Nc3 Qb6
15. b4 a5 16. b5 cxb5 17. Nxb5 Rac8 18. Qe2 Bg4 19. Qd3 Bf5 20. Qe2 Bg4 21. Qa2
Rfd8 22. Rac1 Bf5 23. a4 Be4 24. Bxe4 Nxe4 25. Rfe1 Nd6 26. Bxd6 Bxd6 27. c5
Bxc5 28. dxc5 Rxc5 29. Red1 Rxc1 30. Rxc1 h5 31. Qe2 h4 32. Qg4 hxg3 33. hxg3
Re8 34. Qf3 Qd8 35. Rc7 f6 36. Qxb7 Qd1+ 37. Kg2 1-0

[Event "Lynskak DM 2023"]
[Site "Hvidovre"]
[Date "2023.05.14"]
[Round "7.5"]
[White "Hoi, Carsten"]
[Black "Skytte, Rasmus"]
[Result "0-1"]
[WhiteElo "2333"]
[BlackElo "2430"]
[PlyCount "66"]
[EventDate "2023.05.14"]
[EventType "swiss"]
[EventRounds "13"]
[EventCountry "DEN"]
[SourceTitle "Live v. Kasper Jerwiarz"]

1. d4 Nf6 2. c4 c5 3. e3 g6 4. Nc3 Bg7 5. Nf3 O-O 6. d5 d6 7. Be2 e6 8. e4 Na6
9. O-O Nc7 10. h3 exd5 11. exd5 b5 12. cxb5 a6 13. bxa6 Bxa6 14. Bxa6 Rxa6 15.
Bg5 Qa8 16. Bxf6 Bxf6 17. Ne4 Bxb2 18. Rb1 Bg7 19. Qb3 Nxd5 20. Rfd1 Nb4 21.
Nxd6 Ra3 22. Qc4 Rc3 23. Qh4 Rxf3 24. gxf3 Qxf3 25. Qg4 Qf6 26. Ne4 Qe5 27. Ng5
h5 28. Qg2 Qf5 29. a3 Nd3 30. Rb3 Nf4 31. Qf3 Qxg5+ 32. Kh1 Ne6 33. a4 Nd4 0-1

[Event "Lynskak DM 2023"]
[Site "Hvidovre"]
[Date "2023.05.14"]
[Round "7.6"]
[White "Nielsen, Viktor Haarmark"]
[Black "Nielsen, Lars Aaes"]
[Result "1-0"]
[WhiteElo "2335"]
[BlackElo "2189"]
[PlyCount "119"]
[EventDate "2023.05.14"]
[EventType "swiss"]
[EventRounds "13"]
[EventCountry "DEN"]
[SourceTitle "Live v. Kasper Jerwiarz"]

1. d4 e6 2. c4 b6 3. e4 Bb7 4. Bd3 Qh4 5. Qe2 Nc6 6. Nf3 Qg4 7. O-O Nb4 8. h3
Qh5 9. Nc3 Nxd3 10. Qxd3 f5 11. d5 fxe4 12. Nxe4 O-O-O 13. Rd1 exd5 14. cxd5
Nf6 15. Nxf6 gxf6 16. Bf4 Rg8 17. Rac1 d6 18. Bg3 Bh6 19. Rc4 Rd7 20. Rh4 Qg6
21. Rg4 Qf7 22. Ra4 a5 23. b4 axb4 24. Rxb4 f5 25. Bf4 Bxf4 26. Rxf4 Qg6 27. g3
Rf7 28. Nh4 Qg5 29. Rxf5 Rxf5 30. Qxf5+ Qxf5 31. Nxf5 Rg5 32. Ne3 Kd7 33. Rd4
Rg7 34. Rh4 c5 35. dxc6+ Bxc6 36. Rb4 b5 37. g4 Kc7 38. Nf5 Rg6 39. Rd4 d5 40.
Ne7 Re6 41. Nxd5+ Bxd5 42. Rxd5 Kc6 43. Rd2 Re4 44. Kg2 Kc5 45. Rd7 Re2 46.
Rxh7 Rxa2 47. Rb7 b4 48. g5 Ra6 49. h4 Rb6 50. Rc7+ Kd4 51. Rc1 b3 52. Kg3 b2
53. Rb1 Ke4 54. Kg4 Rb3 55. f3+ Rxf3 56. Rxb2 Rf4+ 57. Kh5 Kf5 58. Rb6 Rd4 59.
Rf6+ Ke5 60. Rf1 1-0

[Event "Lynskak DM 2023"]
[Site "Hvidovre"]
[Date "2023.05.14"]
[Round "7.7"]
[White "Loftgaard, Mikkel Vinh"]
[Black "Jaksland, Tim"]
[Result "1/2-1/2"]
[WhiteElo "2244"]
[BlackElo "2117"]
[PlyCount "71"]
[EventDate "2023.05.14"]
[EventType "swiss"]
[EventRounds "13"]
[EventCountry "DEN"]
[SourceTitle "Live v. Kasper Jerwiarz"]

1. e4 e5 2. Nf3 Nc6 3. Bc4 Nf6 4. d3 Bc5 5. c3 d6 6. O-O a5 7. Nbd2 O-O 8. h3
Be6 9. Bxe6 fxe6 10. Re1 a4 11. Nf1 Ne7 12. Be3 Bxe3 13. Nxe3 Ng6 14. b3 axb3
15. Qxb3 Qd7 16. Rad1 Nf4 17. Ng4 Kh8 18. d4 exd4 19. cxd4 Nxg4 20. hxg4 b6 21.
g3 Ng6 22. Kg2 Qf7 23. Rd2 e5 24. Qxf7 Rxf7 25. dxe5 Nxe5 26. Nxe5 dxe5 27. Rc1
h6 28. Rc6 Ra3 29. Rdc2 Kh7 30. Re6 Ra5 31. Rec6 Rd7 32. Rxc7 Rxc7 33. Rxc7
Rxa2 34. Re7 Ra5 35. Rb7 Rb5 36. Kf3 1/2-1/2

[Event "Lynskak DM 2023"]
[Site "Hvidovre"]
[Date "2023.05.14"]
[Round "7.8"]
[White "Pedersen, Daniel Vesterbaek"]
[Black "Pedersen, Jan Nordenbaek"]
[Result "0-1"]
[WhiteElo "2212"]
[BlackElo "2148"]
[PlyCount "126"]
[EventDate "2023.05.14"]
[EventType "swiss"]
[EventRounds "13"]
[EventCountry "DEN"]
[SourceTitle "Live v. Kasper Jerwiarz"]

1. e4 e5 2. Nf3 Nc6 3. Nc3 Nf6 4. g3 Bb4 5. d3 O-O 6. Bg2 d6 7. O-O h6 8. h3
Be6 9. a3 Ba5 10. b4 Bb6 11. Be3 Re8 12. d4 exd4 13. Nxd4 Nxd4 14. Bxd4 Nd7 15.
Kh2 Bc4 16. Re1 Ne5 17. f4 Ng6 18. Bxb6 axb6 19. a4 Qf6 20. Nd5 Bxd5 21. Qxd5
c6 22. Qd3 h5 23. h4 Nxh4 24. gxh4 Qxh4+ 25. Qh3 Qxf4+ 26. Qg3 Qf6 27. Ra3 Re5
28. Rf1 Qg5 29. Qxg5 Rxg5 30. Rd1 Rd8 31. Rad3 Rg6 32. b5 Kf8 33. e5 d5 34.
bxc6 bxc6 35. Rb3 Rb8 36. a5 b5 37. a6 Ra8 38. Ra1 Ke7 39. a7 Kd7 40. Rc3 Re6
41. Rf3 Re7 42. Re3 Kc7 43. Bh3 Kb6 44. Re2 Raxa7 45. Rxa7 Kxa7 46. Kg3 Kb6 47.
Kf4 c5 48. Bg2 d4 49. Bd5 f6 50. e6 c4 51. Kf5 Kc5 52. Bb7 b4 53. Ba6 Kd5 54.
Bb7+ Kc5 55. Ba6 Kd5 56. Bc8 c3 57. Bb7+ Rxb7 58. e7 Rxe7 59. Rxe7 d3 60. cxd3
b3 61. Rb7 b2 62. Rb3 Kd4 63. Rb8 c2 0-1

[Event "Lynskak DM 2023"]
[Site "Hvidovre"]
[Date "2023.05.14"]
[Round "7.9"]
[White "Meskenas, Paulius"]
[Black "Hansen, Jacob Ost"]
[Result "1/2-1/2"]
[WhiteElo "2159"]
[BlackElo "2338"]
[PlyCount "154"]
[EventDate "2023.05.14"]
[EventType "swiss"]
[EventRounds "13"]
[EventCountry "DEN"]
[SourceTitle "Live v. Kasper Jerwiarz"]

1. e4 c5 2. Nf3 e6 3. c3 d5 4. exd5 Qxd5 5. d4 Nf6 6. Be2 Nc6 7. Be3 cxd4 8.
cxd4 Be7 9. O-O O-O 10. Nc3 Qd6 11. Qd2 Nd5 12. Nxd5 Qxd5 13. Rfc1 Bb4 14. Qd1
Ne7 15. a3 Bd6 16. Ne5 Bxe5 17. Rc5 Qxc5 18. dxc5 Bxb2 19. Ra2 Bf6 20. Bf3 Nd5
21. Bxd5 exd5 22. Bd4 Bxd4 23. Qxd4 Bd7 24. Rb2 Bc6 25. Rb3 Rae8 26. h3 Re4 27.
Qd2 Rfe8 28. Rg3 g6 29. Rd3 Re1+ 30. Kh2 R1e2 31. Qf4 a6 32. Rf3 R8e7 33. Qb8+
Kg7 34. Qd6 R2e6 35. Qf4 Kg8 36. Rd3 Kg7 37. Qd4+ Kg8 38. f3 Re2 39. Qf6 R2e6
40. Qf4 Kg7 41. h4 h6 42. Qd4+ Kg8 43. Qb2 Re2 44. Qf6 R2e6 45. Qf4 Kg7 46. h5
g5 47. Qd4+ f6 48. Qb2 Re5 49. Rd2 Re1 50. Qc2 Be8 51. Rxd5 Bxh5 52. Qf5 Bg6
53. Qc8 Be8 54. Rd6 Bc6 55. Qf5 Rf7 56. Qd3 Re5 57. Qd4 Rfe7 58. Kg3 Kg6 59.
Qd3+ Kg7 60. Rd8 h5 61. Qd6 h4+ 62. Kh2 R5e6 63. Qb8 Re8 64. Rxe8 Rxe8 65. Qc7+
Kg6 66. Qd6 Re5 67. Qf8 Re8 68. Qd6 Re5 69. Qd3+ Kg7 70. Qd6 Kg6 71. Kg1 Re8
72. Kf2 Re5 73. Qd4 Re8 74. g3 hxg3+ 75. Kxg3 Re5 76. Qd3+ Kg7 77. Qd4 Kg6
1/2-1/2

[Event "Lynskak DM 2023"]
[Site "Hvidovre"]
[Date "2023.05.14"]
[Round "7.10"]
[White "Olsen, Filip Boe"]
[Black "Ostergaard, Jens"]
[Result "0-1"]
[WhiteElo "2435"]
[BlackElo "2278"]
[PlyCount "68"]
[EventDate "2023.05.14"]
[EventType "swiss"]
[EventRounds "13"]
[EventCountry "DEN"]
[SourceTitle "Live v. Kasper Jerwiarz"]

1. d4 Nf6 2. c4 g6 3. Nc3 Bg7 4. e4 d6 5. Be2 O-O 6. Be3 e5 7. d5 a5 8. g4 Na6
9. g5 Ne8 10. h4 Nc5 11. Qd2 c6 12. O-O-O cxd5 13. cxd5 Bd7 14. f3 f5 15. gxf6
Nxf6 16. Nh3 Bxh3 17. Rxh3 Nh5 18. Rhh1 a4 19. Kb1 Nf4 20. Rc1 Qf6 21. Bb5 a3
22. b4 Na6 23. Na4 Rac8 24. Rxc8 Rxc8 25. Nb6 Rd8 26. h5 Nxh5 27. Bg5 Qxf3 28.
Rf1 Qxe4+ 29. Bd3 Qd4 30. Bxd8 e4 31. Qe2 Nxb4 32. Bf6 Bxf6 33. Rxf6 Nxf6 34.
Bc4 Qxb6 0-1